Capitals of 'stan' countries - Statistics

General Stats
  • This quiz has been taken 923 times
  • The average score is 6 of 7
Answer Stats
Country Capital % Correct
Afghanistan Kabul
95%
Pakistan Islamabad
92%
Kazakhstan Astana
86%
Kyrgyzstan Bishkek
76%
Uzbekistan Tashkent
74%
Tajikistan Dushanbe
70%
Turkmenistan Ashgabat
65%
No matching quizzes found
Score Distribution
Percent of People with Each Score
Percentile by Number Answered
Your Score History
You have not taken this quiz